02318cam a22003854i 4500003000900000005001700009008004100026035002000067040003300087100004800120245024800168264001000416300004000426336002100466337002500487338002300512502005800535504002400593520111300617526001001730526001001740526000901750526000901759526000901768526000901777526000901786526000901795526000901804526000801813526000801821526000801829526000801837526000801845650007901853PE-LiUPU20250731165422.0160113s2014 pe a grm 000 0 spa d a(Sirsi) a155719 aPE-LiUPUbspacPE-LiUPUerda1 aCastrillón Aguderlo, Natlia Andreaeautor1 aRelación de dependencia entre los estilos de socialización parental y la inteligencia emocional de los hijos, estudiantes de la Insitución Educativa Rufino Jose Cuervo Sur de Armenia Colombia, 2013 /cNatalia Andrea Castrillón Agudelo. 0c2014. a145 hojas : bilustraciones;c30 cm atext2rdacontent aunmediated2rdamedia avolume2rdacarrier aTesisb(Mg.) -- cUniversidad Peruana Unión,d2014. aIncluye referencias3 aEl propósito de la presente tesis ha sido realizar un análisis de la relación de dependencia entre los estilos de socialización de la madre y el padre, y la manera como estos afectan los diferentes niveles de la inteligencia emocional del hijo. Esta investigación es de diseño no experimental, cuyo estudio corresponde a la valoración de la percepción de la conducta parental de los hijos y a la inteligencia emocional de los mismos para la prueba de las hipótesis se recurrió a la Chi Cuadrado, utilizada en el contexto de las variables cualitativas, para establecer la existencia de dependencia o independencia entre las variables. Entre los resultados encontrados durante el presente estudio, el Chi-cuadrado de Pearson, para el estilo de socialización del padre inteligencia emocional del hijo, tiene un valor de 65,217, con 12 grados de libertad y su significación es de 0. Para cualquier nivel se rechaza la hipótesis nula, entonces se prueba que hay dependencia significativa; es decir, la inteligencia emocional del hijo si depende del estilo de socialización del padres. aSEG44 aSEG26 aP151 aP150 aP149 aP146 aP145 aP126 aP125 aP92 aP75 aP74 aP27 aP1504aNiñosxInteligencia emocionalxPadresxSocializaciónzColombiavTesis.